Online Catalogue and eLibrary

Becoming divine : (Record no. 806)

MARC details
000 -LEADER
fixed length control field 00491nam a2200181Ia 4500
005 - DATE AND TIME OF LATEST TRANSACTION
control field 20240718052959.0
008 - FIXED-LENGTH DATA ELEMENTS--GENERAL INFORMATION
fixed length control field 240331s9999 xx 000 0 und d
020 ## - INTERNATIONAL STANDARD BOOK NUMBER
ISBN 0719053552
082 ## - DDC Classification
Class No. 200.2
Item Number - Author Mark JAN
100 ## - MAIN ENTRY--PERSONAL NAME
Personal name Jantzen, G.M
245 #0 - TITLE STATEMENT
Title Becoming divine :
Remainder of title towards a feminist philosophy of religion
Statement of responsibility, etc. Grace M. Jantzen
260 ## - PUBLICATION, DISTRIBUTION, ETC.
Place of publication, distribution, etc. UK
Name of publisher, distributor, etc. Manchester university press
Date of publication, distribution, etc. 1998
300 ## - PHYSICAL DESCRIPTION
Extent (e.g. Volumes, Pages etc.) viii, 296 p .,
650 ## - SUBJECT ADDED ENTRY--TOPICAL TERM
Topical term or geographic name entry element Philosophy
650 ## - SUBJECT ADDED ENTRY--TOPICAL TERM
Topical term or geographic name entry element Feminism
650 ## - SUBJECT ADDED ENTRY--TOPICAL TERM
Topical term or geographic name entry element Religion
942 ## - Koha item type (Biblio)
Koha item type Books in Stacks (Lending)
Holdings
Lost status Damaged status Collection code Home library Current library Shelving location Date acquired Full call number Accession Number Item type
    Lending WERC Library WERC Library Social Science Cupboard 03/31/2024 200.2 JAN 2716 Books in Stacks (Lending)

© WERC Library